| 000 | 00000nam##2200000za#4500 |
| 001 | 9.581576 |
| 003 | CaOODSP |
| 005 | 20210624191600 |
| 007 | cr ||||||||||| |
| 008 | 150406|2015||||xxc|||||o f|0| 0 eng|d |
| 040 | |aCaOODSP|beng |
| 043 | |an-cn--- |
| 086 | 1 |aXC27-1/1-412-4E-PDF |
| 110 | 1 |aCanada. |bParliament. |bHouse of Commons. |bStanding Committee on Transport, Infrastructure and Communities. |
| 245 | 10|aReview of the Canadian transportation safety regime : |h[electronic resource]|btransportation of dangerous goods and safety management systems / |cChair, Larry Miller. |
| 260 | |aOttawa - Ontario : |bHouse of Commons. |cMarch 2015. |
| 300 | |a84p.|breferences |
| 490 | 1 |aReport of the Standing Committee on Transport, Infrastructure and Communities|vFourth report, 41st Parliament, 2nd session |
| 500 | |aOriginal published on: 2015/03/12; published on: 2015/03/18. |
| 590 | |a15-11|b2015-03-13 |
| 590 | |a15-12|b2015-03-20 |
| 775 | 08|tExamen du régime canadien de sécurité des transports : |w(CaOODSP)9.608351 |
| 830 | #0|aReport of the Standing Committee on Transport, Infrastructure and Communities ;|vFourth report, 41st Parliament, 2nd session|w(CaOODSP)9.507118 |
| 856 | 40|ahttp://publications.gc.ca|qPDF|s1.22 MB|uhttps://publications.gc.ca/collections/collection_2015/parl/xc27-1/XC27-1-1-412-4-eng.pdf|yFourth report, 41st Parliament, 2nd session |